<?xml version="1.0" encoding="UTF-8"?>
<collection xmlns="http://www.loc.gov/MARC21/slim">
  <record>
    <leader>00000nam  2200000   4500</leader>
    <controlfield tag="001">INLIS000000000006292</controlfield>
    <controlfield tag="005">20191218020834</controlfield>
    <datafield tag="035" ind1="#" ind2="#">
      <subfield code="a">0010-1219000123</subfield>
    </datafield>
    <controlfield tag="007">ta</controlfield>
    <controlfield tag="008">191218################g##########0#ind##</controlfield>
    <datafield tag="082" ind1="#" ind2="#">
      <subfield code="a">302.2</subfield>
    </datafield>
    <datafield tag="084" ind1="#" ind2="#">
      <subfield code="a">302.2 Kin a</subfield>
    </datafield>
    <datafield tag="100" ind1=" " ind2="#">
      <subfield code="a">Kincaid, D. Lawrence</subfield>
    </datafield>
    <datafield tag="245" ind1="1" ind2="#">
      <subfield code="a">Asas-asas Komunikasi Antar manusia /</subfield>
      <subfield code="c">D. Lawrence Kincaid</subfield>
    </datafield>
    <datafield tag="250" ind1="#" ind2="#">
      <subfield code="a">cet.7</subfield>
    </datafield>
    <datafield tag="260" ind1="#" ind2="#">
      <subfield code="a">Jakarta :</subfield>
      <subfield code="b">LP3ES Bekerjasama West Communication Institute (EWCI), Hawaii,</subfield>
      <subfield code="c">1987</subfield>
    </datafield>
    <datafield tag="300" ind1="#" ind2="#">
      <subfield code="a">iii, 183 hlm. :</subfield>
      <subfield code="b">ilus ;</subfield>
      <subfield code="c">28 cm</subfield>
    </datafield>
    <datafield tag="650" ind1="#" ind2="#">
      <subfield code="a">Komunikasi</subfield>
    </datafield>
    <datafield tag="700" ind1=" " ind2="#">
      <subfield code="a">Schramm Wilbur</subfield>
    </datafield>
    <datafield tag="856" ind1="#" ind2="#">
      <subfield code="a">Perpustakaan Lembaga Administrasi Negara</subfield>
    </datafield>
    <datafield tag="990" ind1="#" ind2="#">
      <subfield code="a">25321</subfield>
    </datafield>
  </record>
</collection>
